Proyecto colectivo ambiental (Registro nro. 1834)

Detalles MARC
000 -CABECERA
Campo de control 00738nam a2200241 a 4500
005 - FECHA Y HORA DE LA ULTIMA TRANSACCION
Campo de control 20191224041615.0
008 - ELEMENTOS DE LONGITUD FIJA—INFORMACION GENERAL
Campo de control 140303b2000 ck ||||| |||| 00| 0 spa d
040 ## - FUENTE DE CATALOGACIÓN
Agencia catalogadora original CO-BoIAVH
Agencia transcriptora CO-BoIAVH
041 ## - IDIOMA
Código de idioma para texto/pista de sonido o título separado Español
044 ## - PAÍS DE PUBLICACIÓN
País de publicación Colombia
082 ## - NUMERO DE CLASIFICACION DECIMAL DEWEY
Número de clasificación 363.70525
Número del ítem M66p
110 1# - ASIENTO PRINCIPAL--NOMBRE CORPORATIVO
Unidad subordinad Colombia. Ministerio del Medio Ambiente
9 (RLIN) 92230
245 1# - MENCION DE TITULO
Título Proyecto colectivo ambiental
Parte restante del título plan nacional de desarrollo
260 ## - PUBLICACION, DISTRIBUCION, ETC. (PIE DE IMPRENTA)
Lugar de publicación, distribución, etc. Bogotá
Nombre del editor, distribuidor, etc. Minambiente
Fecha de publicación, distribución, etc. 2000
300 ## - DESCRIPCION FISICA
Extensión 115 Paginas.
650 #6 - ASIENTO SECUNDARIO DE MATERIA - TERMINO TEMATICO
Término temático o nombre geográfico como elemento de entrada Política Nacional Ambiental
9 (RLIN) 6746
650 #6 - ASIENTO SECUNDARIO DE MATERIA - TERMINO TEMATICO
Término temático o nombre geográfico como elemento de entrada Sistema Nacional de Areas Protegidas
9 (RLIN) 53584
650 #6 - ASIENTO SECUNDARIO DE MATERIA - TERMINO TEMATICO
Término temático o nombre geográfico como elemento de entrada Ecosistemas estratégicos
9 (RLIN) 3520
650 #6 - ASIENTO SECUNDARIO DE MATERIA - TERMINO TEMATICO
Término temático o nombre geográfico como elemento de entrada Recurso Hidrico
9 (RLIN) 3128
650 #6 - ASIENTO SECUNDARIO DE MATERIA - TERMINO TEMATICO
Término temático o nombre geográfico como elemento de entrada Conservación
9 (RLIN) 53586
662 ## - ASIENTO SECUNDARIO DE MATERIA - JERARQUIA DEL NOMBRE DE LUGAR(
País o entidad mayor Colombia
942 ## - ELEMENTOS ADICIONALES (KOHA)
Tipo de ítem Libro
Sistema de clasificación Dewey Decimal Classification
Existencias
Withdrawn status Lost status Sistema de Clasificación Damaged status No para préstamo Colección Inventariado Ubicación Permanente Ubicación actual Fecha de adquisición Fuente de Valor Valor Total Checkouts Número topográfico Inventario / Código de Barras Date last seen Ejemplar Price effective from Forma de adquisición Tipo de material
    Dewey Decimal Classification     General Inventariado 2017 Bogotá Bogotá 24/01/2001 Instituto 39000.00   LB-363.70525 M66p 004860 04/12/2012 Ej. 1 04/12/2012 Donación Libro
    Dewey Decimal Classification     General Inventariado 2017 Sala Fabio Quevedo Sala Fabio Quevedo 25/09/2013 Instituto 39000.00   LB-363.70525 M66p 028367 25/09/2013 Ej. 2 25/09/2013 Donación Libro